Клетниците (Запис номер 32995)
[ съкратено ]
| 000 -Лидер | |
|---|---|
| Контролно поле с фиксирана дължина | 00916nam a2200301 c 4500 |
| 003 - Код на организацията, давaща контролен номер | |
| Контролно поле | BLK |
| 005 - Дата и час на последна редакция | |
| Контролно поле | 20250714154604.0 |
| 008 - Елементи от данни с фиксирана дължина | |
| fixed length control field | 180408b bul|||||r ||||||| ||bul|| |
| 010 ## - Наследен системен номер | |
| LC control number | KNG00035678000 |
| 020 ## - Международен стандартен номер на книга ISBN | |
| Международен стандартен номер на книга ISBN | 954-459-498-1 |
| -- | издат.: Хермес |
| 040 ## - Източник на каталожния запис | |
| Идентификатор на билиотеката - собственик на записа | BLK |
| 041 ## - Код за език | |
| Код за езика на текст/звукозапис или на отделно заглавие | Български |
| Код за езика КДБФ | Български |
| 080 ## - УДК | |
| Текстов определител УДК | Френска литература |
| УДК код - определител по УДК | 821.133.1 |
| УДК определител | -93-31 |
| УДК - код + определител | 821.133.1-93-31 |
| 100 1# - Редна дума - Автор | |
| Автор | Юго, Виктор |
| Авторска отговорност | първи автор |
| R(LIN) | 366073 |
| 139 ## - Редно поле | |
| Редна дума | Юго, Виктор |
| Авторски знак | Юг - Ю 13 |
| 245 10 - Сведения за заглавието | |
| Заглавие | Клетниците |
| Редно поле (дума) | Виктор Юго. |
| 257 ## - Страна на издаване | |
| Страна на създаване/издаване | Франция |
| 260 ## - Област на издателските данни | |
| -- | Пловдив |
| Име на издателя, разпространителя и проч. | Хермес |
| Година на издаване | 1998 |
| 300 ## - Физическа характеристика | |
| Страници | 336 с. |
| Размери/Мащаб | 20 см |
| 380 ## - Жанр | |
| Жанр | Детска худож. лит. |
| 490 1# - СЕРИИ (Колекции) | |
| Име на серия | Златно перо |
| 852 ## - Местоположение | |
| Форматна сигнатура | Цб 207932 |
| 856 4# - Електронен адрес и достъп | |
| Електронен формат | pdf - файл |
| Път до файла /url/ | |
| 856 4# - Електронен адрес и достъп | |
| Електронен формат | pdf - файл |
| Път до файла /url/ | |
| 942 ## - АРТИКУЛИ | |
| Вид на библиотечния материал | Книги |
| Скрит в OPAC | Не |
| Koha issues (borrowed), all copies | 8 |
| 944 ## - СЪЗДАВАНЕ И РЕДАКЦИЯ на ЗАПИСА | |
| Създаване/Редакция | Създаване |
| Дата на регистрацията/редакция | 15.01.2003 |
| Служител, извършил регистрацията/редакцията | 30564 |
| Статус, дата на статуса | Анна Гръцманова |
| 944 ## - СЪЗДАВАНЕ И РЕДАКЦИЯ на ЗАПИСА | |
| Създаване/Редакция | Редакция |
| Дата на регистрацията/редакция | 15.01.2003 |
| Служител, извършил регистрацията/редакцията | |
| 999 ## - СИСТЕМНИ КОНТРОЛНИ НОМЕРА | |
| Koha biblionumber | 32995 |
| Koha biblioitemnumber | 32995 |
| Код за отписване | Код за изгубен артикул | Източник на класификационната схема | Код за повреда | Коз за рестрикции | Код за отдаване | Артикулен № | Име на библиотеката - собственик | Име на библиотеката, в която се намира в момента | Статус (Текущо местоположение) | Дата на вписване в системата | Местоположение - отдел | Цена в лева | Инвентарен номер | Систематично азбучна сигнатура | Баркод | Номер на екземпляра | Цена в евро | Служебна бележка | Служебен тип на артикула |
|---|---|---|---|---|---|---|---|---|---|---|---|---|---|---|---|---|---|---|---|
| Изтеглен | Не е изгубен | Universal Decimal Classification | Не е повреден | без рестрикции | заемане за дома | 52694 | Регионална библиотека "Любен Каравелов" Русе | Регионална библиотека "Любен Каравелов" Русе | Детски отдел | 2001-01-01 | Детски отдел | 3.50 | 662499 | ДХ 820/899/Ю13-В | 662499 | 1 | 1.79 | Дата инв: 24.09.2015 Бележки инв: Д2015 | Книги |
| Не е изгубен | Universal Decimal Classification | Не е повреден | без рестрикции | заемане за дома | 52695 | Регионална библиотека "Любен Каравелов" Русе | Регионална библиотека "Любен Каравелов" Русе | Детски отдел | 2001-01-01 | Детски отдел | 3.50 | 662500 | ДХ 820/899/Ю13-В | 120000662500 | 2 | 1.79 | Дата инв: 17.08.2015 Бележки инв: Д2015 | Книги |